[Event "Kstovo Chess Hopes op"]
[Site "Kstovo"]
[Date "2015.06.26"]
[Round "3"]
[White "Hilova, Evelina"]
[Black "Kuzmin, Stepan"]
[Result "1-0"]
[WhiteElo "1736"]
[BlackElo "1414"]
[PlyCount "73"]
[EventDate "2015.06.24"]
[EventType "swiss"]
[EventRounds "9"]
[EventCountry "RUS"]
[SourceTitle "CBM 167 Extra"]
[Source "ChessBase"]
[SourceDate "2015.09.14"]
[SourceVersion "1"]
[SourceVersionDate "2015.09.14"]
[SourceQuality "1"]

1. d4 d5 2. Nf3 Nc6 3. c4 e5 4. cxd5 Qxd5 5. dxe5 Be6 6. Bd2 0-0-0 7. Nc3 Qd7 8. e3 Be7 9. Be2 f6 10. Ne4 Bf5 11. Ng3 fxe5 12. Nxf5 Qxf5 13. Nd4 Nxd4 14. exd4 Rxd4 15. Qb3 Nf6 16. Be3 Bb4+ 17. Kf1 Ne4 18. Bc4 Qf8 19. Kg1 Rd2 20. f3 b6 21. Be6+ Kb8 22. fxe4 Re2 23. Rf1 Qc5 24. Rf3 Qd6 25. h3 Re8 26. Bc4 Qg6 27. Bxe2 Qxe4 28. Kf2 Qg6 29. Rc1 e4 30. Rf7 Be7 31. Qc4 c5 32. Bf4+ Kc8 33. Qa6+ Kd7 34. Bg4+ Kc6 35. Qa4+ b5 36. Qa6+ Kd5 37. Rd1+ 1-0

[Event "Nizhnij Novgorod Dubinin Memorial 22nd"]
[Site "Nizhnij Novgorod"]
[Date "2015.??.??"]
[Round "3"]
[White "Hilova, Evelina"]
[Black "Churakhina, Lidiya"]
[Result "1-0"]
[WhiteElo "1795"]
[BlackElo "1461"]
[PlyCount "57"]
[EventDate "2015.01.03"]
[EventType "swiss"]
[EventRounds "9"]
[EventCountry "RUS"]
[SourceTitle "CBM 164 Extra"]
[Source "ChessBase"]
[SourceDate "2015.03.02"]
[SourceVersion "1"]
[SourceVersionDate "2015.03.02"]
[SourceQuality "1"]

1. d4 Nf6 2. Nf3 d5 3. g3 e6 4. Bg2 Nc6 5. 0-0 Be7 6. c4 h6 7. Nc3 0-0 8. Ne5 dxc4 9. Nxc6 bxc6 10. Bxc6 Rb8 11. Bg2 Bb7 12. e4 Nh7 13. e5 Bxg2 14. Kxg2 Ng5 15. h4 Nh7 16. Qg4 Kh8 17. Rb1 f5 18. Qd1 g5 19. hxg5 Nxg5 20. Rh1 Kg7 21. Qh5 Rh8 22. Be3 Rb4 23. Ne2 Qd5+ 24. f3 Qb5 25. Nf4 Rxb2+ 26. Rxb2 Qxb2+ 27. Bf2 Nf7 28. Nxe6+ Kg8 29. Qg6# 1-0

[Event "Nizhnij Novgorod Region-ch"]
[Site "Nizhnij Novgorod"]
[Date "2013.10.19"]
[Round "2"]
[White "Hilova, Evelina"]
[Black "Baryshev, Sergey"]
[Result "1-0"]
[WhiteElo "1724"]
[BlackElo "1738"]
[PlyCount "85"]
[EventDate "2013.10.19"]
[EventType "swiss"]
[EventRounds "9"]
[EventCountry "RUS"]
[SourceTitle "EXT 2022"]
[Source "ChessBase"]
[SourceDate "2021.10.06"]
[SourceVersion "1"]
[SourceVersionDate "2021.10.06"]
[SourceQuality "1"]

1. e4 c5 2. Nf3 Nc6 3. d4 cxd4 4. Nxd4 Nxd4 5. Qxd4 e6 6. Nc3 Ne7 7. Bf4 Nc6 8. Qd2 a6 9. 0-0-0 Be7 10. e5 b5 11. Qe3 Bb7 12. Qg3 g6 13. Be2 Rc8 14. Kb1 Nb4 15. Bh6 Nxc2 16. Bf3 Na3+ 17. Ka1 Bxf3 18. Qxf3 Nc4 19. Qh3 Rg8 20. Rhe1 Qa5 21. Qd3 Qc7 22. Bf4 Rd8 23. Qf3 b4 24. Nd5 Qc5 25. Nxe7 Qxe7 26. Qd3 Nb6 27. Qxa6 Nd5 28. Bg3 Kf8 29. Qc4 Kg7 30. Bh4 g5 31. Bg3 Rc8 32. Qg4 b3 33. h4 h6 34. hxg5 hxg5 35. f4 Kf8 36. f5 Ra8 37. Qc4 bxa2 38. Bf2 Qd8 39. Bc5+ Ke8 40. Rxd5 exd5 41. Qxd5 Ra5 42. e6 Rxc5 43. exf7+ 1-0

[Event "Nizhnij Novgorod Region-ch"]
[Site "Nizhnij Novgorod"]
[Date "2013.10.19"]
[Round "6"]
[White "Hilova, Evelina"]
[Black "Ryabov, Vasily"]
[Result "1-0"]
[WhiteElo "1724"]
[BlackElo "1965"]
[PlyCount "79"]
[EventDate "2013.10.19"]
[EventType "swiss"]
[EventRounds "9"]
[EventCountry "RUS"]
[SourceTitle "EXT 2022"]
[Source "ChessBase"]
[SourceDate "2021.10.06"]
[SourceVersion "1"]
[SourceVersionDate "2021.10.06"]
[SourceQuality "1"]

1. e4 c5 2. Nf3 Nc6 3. c3 d5 4. exd5 Qxd5 5. d4 Nf6 6. Na3 a6 7. Nc4 b5 8. Nb6 Qe4+ 9. Be2 Rb8 10. Nxc8 Rxc8 11. 0-0 cxd4 12. cxd4 e6 13. Bg5 Be7 14. Re1 Qd5 15. a4 0-0 16. Rc1 Bb4 17. Bd2 Bd6 18. Bd3 Nxd4 19. Nxd4 Qxd4 20. Bc3 Bxh2+ 21. Kxh2 Qh4+ 22. Kg1 Ng4 23. Qf3 Rfd8 24. Bc2 Qh2+ 25. Kf1 Rc4 26. g3 b4 27. Red1 Rdc8 28. Rd7 Qh5 29. Qd3 f6 30. Rd8+ Rxd8 31. Qxd8+ Kf7 32. Qd7+ Kf8 33. Qd6+ Kf7 34. Bxb4 Rxb4 35. Qxb4 Qh1+ 36. Ke2 Qxc1 37. Qb7+ Kf8 38. Qc8+ Ke7 39. Qc7+ Kf8 40. Qc5+ 1-0

[Event "Kstovo Chess Hopes op"]
[Site "Kstovo"]
[Date "2013.06.28"]
[Round "9"]
[White "Gorozhanin, Mikhail"]
[Black "Hilova, Evelina"]
[Result "1-0"]
[WhiteElo "2311"]
[BlackElo "1735"]
[PlyCount "83"]
[EventDate "2013.06.24"]
[EventType "swiss"]
[EventRounds "9"]
[EventCountry "RUS"]
[SourceTitle "EXT 2018"]
[Source "ChessBase"]
[SourceDate "2017.10.13"]
[SourceVersion "1"]
[SourceVersionDate "2017.10.13"]
[SourceQuality "1"]

1. Nf3 Nf6 2. c4 e6 3. g3 d5 4. Bg2 c5 5. cxd5 exd5 6. d4 Nc6 7. 0-0 Be7 8. Nc3 0-0 9. Bg5 Be6 10. dxc5 d4 11. Bxf6 Bxf6 12. Ne4 Be7 13. Rc1 Qd5 14. Ne1 Qxa2 15. Nd3 Qa5 16. Qd2 Qc7 17. b4 a6 18. f4 f5 19. Ng5 Bxg5 20. fxg5 Ne7 21. Qf4 Qd7 22. Ne5 Qb5 23. Nd3 Qd7 24. Rfd1 Rad8 25. Bf3 Ng6 26. Qd2 Bd5 27. Ne1 Bb3 28. Nc2 Ne5 29. Qxd4 Nxf3+ 30. exf3 Qxd4+ 31. Rxd4 Bxc2 32. Rxd8 Rxd8 33. Rxc2 Rd1+ 34. Kf2 Rb1 35. Rc4 Rb2+ 36. Ke3 Kf7 37. Kf4 Rxh2 38. Rd4 h6 39. gxh6 Rxh6 40. Rd7+ Kf8 41. Rxb7 a5 42. b5 1-0

[Event "Nizhnij Novgorod Region-ch"]
[Site "Nizhnij Novgorod"]
[Date "2012.10.06"]
[Round "?"]
[White "Hilova, Evelina"]
[Black "Tarasov, Valery"]
[Result "1/2-1/2"]
[WhiteElo "1735"]
[BlackElo "1953"]
[PlyCount "74"]
[EventDate "2012.10.06"]
[EventType "swiss"]
[EventRounds "9"]
[EventCountry "RUS"]
[SourceTitle "EXT 2022"]
[Source "ChessBase"]
[SourceDate "2021.10.06"]
[SourceVersion "1"]
[SourceVersionDate "2021.10.06"]
[SourceQuality "1"]

1. e4 d5 2. exd5 Nf6 3. d4 Nxd5 4. c4 Nb6 5. Nf3 Bg4 6. h3 Bh5 7. Be2 e6 8. 0-0 Nc6 9. Nc3 Be7 10. a3 Bxf3 11. Bxf3 Nxc4 12. Qa4 Nb6 13. Bxc6+ bxc6 14. Qxc6+ Qd7 15. Qe4 0-0 16. Bf4 Rfd8 17. Rfd1 c6 18. Rac1 Bd6 19. Be5 Bf8 20. Qg4 f5 21. Qf3 Rac8 22. Ne2 Nd5 23. Nf4 Re8 24. Nd3 Qb7 25. b4 a5 26. Nc5 Qa7 27. Qb3 axb4 28. axb4 Ra8 29. b5 cxb5 30. Qxb5 Qa5 31. Qb3 Qa2 32. Qxa2 Rxa2 33. Ra1 Rxa1 34. Rxa1 Kf7 35. Ra7+ Re7 36. Ra8 Nf6 37. Nd3 Ne4 1/2-1/2

[Event "Kstovo op"]
[Site "Kstovo"]
[Date "2012.09.14"]
[Round "7"]
[White "Hilova, Evelina"]
[Black "Rebrov, Viktor"]
[Result "1-0"]
[WhiteElo "1735"]
[BlackElo "1730"]
[PlyCount "97"]
[EventDate "2012.09.08"]
[EventType "swiss"]
[EventRounds "9"]
[EventCountry "RUS"]
[SourceTitle "EXT 2013"]
[Source "ChessBase"]
[SourceDate "2012.11.22"]
[SourceVersion "1"]
[SourceVersionDate "2012.11.22"]
[SourceQuality "1"]

1. e4 c6 2. d4 d5 3. Nc3 dxe4 4. Nxe4 Nd7 5. Bc4 Ngf6 6. Ng5 e6 7. Qe2 Nb6 8. Bd3 Qc7 9. N1f3 h6 10. Ne4 Nxe4 11. Qxe4 Nd7 12. Bf4 Bd6 13. Bxd6 Qxd6 14. 0-0-0 Nf6 15. Qh4 0-0 16. Ne5 Qb4 17. g4 Nd5 18. g5 Qe7 19. c4 Nb4 20. Bh7+ Kh8 21. a3 Na6 22. f4 Qd8 23. Be4 Nc7 24. Qh5 Ne8 25. Rhg1 Nf6 26. gxf6 Qxf6 27. Qg4 Rg8 28. Kb1 Rb8 29. Rd3 b5 30. Rh3 Rf8 31. Nxc6 Rb6 32. c5 Rxc6 33. Bxc6 Qxd4 34. Bxb5 Qf6 35. Rhg3 Rg8 36. Qf3 Qf5+ 37. Bd3 Qxc5 38. Rc1 Qe7 39. Qg4 Bb7 40. f5 Bd5 41. fxe6 Bxe6 42. Bf5 Bd5 43. Rd1 Qb7 44. Qd4 Bf3 45. Qd7 Be4+ 46. Bxe4 Qxe4+ 47. Rgd3 f5 48. Qd5 Qxd5 49. Rxd5 1-0

[Event "Kstovo op"]
[Site "Kstovo"]
[Date "2012.09.13"]
[Round "6"]
[White "Brunov, Viktor"]
[Black "Hilova, Evelina"]
[Result "1-0"]
[WhiteElo "1677"]
[BlackElo "1735"]
[PlyCount "37"]
[EventDate "2012.09.08"]
[EventType "swiss"]
[EventRounds "9"]
[EventCountry "RUS"]
[SourceTitle "EXT 2013"]
[Source "ChessBase"]
[SourceDate "2012.11.22"]
[SourceVersion "1"]
[SourceVersionDate "2012.11.22"]
[SourceQuality "1"]

1. e4 c5 2. Nf3 Nc6 3. c3 d5 4. exd5 Qxd5 5. d4 Bg4 6. Be2 e6 7. dxc5 Qxd1+ 8. Bxd1 Bxc5 9. 0-0 0-0-0 10. Bf4 e5 11. Bg3 e4 12. h3 Bh5 13. Nd4 Nxd4 14. cxd4 Bxd1 15. Rxd1 Bxd4 16. Nc3 Nf6 17. Nb5 Bxf2+ 18. Bxf2 Rd3 19. Rdc1+ 1-0

[Event "Kstovo op"]
[Site "Kstovo"]
[Date "2012.09.08"]
[Round "1"]
[White "Hilova, Evelina"]
[Black "Tkachev, Viacheslav"]
[Result "0-1"]
[WhiteElo "1735"]
[BlackElo "1999"]
[PlyCount "68"]
[EventDate "2012.09.08"]
[EventType "swiss"]
[EventRounds "9"]
[EventCountry "RUS"]
[SourceTitle "EXT 2013"]
[Source "ChessBase"]
[SourceDate "2012.11.22"]
[SourceVersion "1"]
[SourceVersionDate "2012.11.22"]
[SourceQuality "1"]

1. e4 e5 2. Nf3 Nc6 3. d4 exd4 4. c3 d3 5. Bxd3 Be7 6. 0-0 Nf6 7. h3 d6 8. Bf4 h6 9. Nd4 Ne5 10. Bc2 Bd7 11. Nd2 0-0 12. N2f3 Ng6 13. Bh2 Re8 14. e5 Nxe5 15. Nxe5 dxe5 16. Bxe5 c5 17. Nf5 Bxf5 18. Bxf5 Qb6 19. Qc2 Rad8 20. Rad1 Bf8 21. Bxf6 Qxf6 22. Rfe1 Rxd1 23. Rxd1 g6 24. Be4 b6 25. f3 Bd6 26. Qd2 Rd8 27. Bd5 Kg7 28. Qe3 Rd7 29. Kf1 Re7 30. Be4 Bg3 31. Kg1 Qh4 32. Qd2 f5 33. Bc6 Bf4 34. Qd3 Re1+ 0-1

[Event "Kstovo Chess Hopes op"]
[Site "Kstovo"]
[Date "2012.07.??"]
[Round "5"]
[White "Hilova, Evelina"]
[Black "Novikov, Danila"]
[Result "0-1"]
[WhiteElo "1790"]
[BlackElo "1746"]
[PlyCount "52"]
[EventDate "2012.07.??"]
[EventType "swiss"]
[EventRounds "9"]
[EventCountry "RUS"]
[SourceTitle "EXT 2014"]
[Source "ChessBase"]
[SourceDate "2013.11.20"]
[SourceVersion "1"]
[SourceVersionDate "2013.11.20"]
[SourceQuality "1"]

1. e4 d5 2. exd5 Qxd5 3. Nc3 Qa5 4. Bc4 Nf6 5. d3 Bg4 6. f3 Bf5 7. Bd2 Qe5+ 8. Nge2 Qc5 9. Na4 Qd6 10. Ng3 Bd7 11. Nc3 Bc6 12. Qe2 Nbd7 13. 0-0-0 e6 14. Nge4 Bxe4 15. dxe4 Qe5 16. f4 Qh5 17. Qxh5 Nxh5 18. e5 g6 19. g4 Ng7 20. Ne4 Be7 21. Bc3 0-0-0 22. Nf6 Bxf6 23. exf6 Ne8 24. Be5 Nexf6 25. Rxd7 Nxd7 26. Bxh8 Rxh8 0-1

[Event "Kstovo Chess Hopes op"]
[Site "Kstovo"]
[Date "2012.07.??"]
[Round "8"]
[White "Zavivaev, Llya"]
[Black "Hilova, Evelina"]
[Result "0-1"]
[WhiteElo "1849"]
[BlackElo "1790"]
[PlyCount "60"]
[EventDate "2012.07.??"]
[EventType "swiss"]
[EventRounds "9"]
[EventCountry "RUS"]
[SourceTitle "EXT 2014"]
[Source "ChessBase"]
[SourceDate "2013.11.20"]
[SourceVersion "1"]
[SourceVersionDate "2013.11.20"]
[SourceQuality "1"]

1. e4 c5 2. Nf3 Nc6 3. d4 cxd4 4. Nxd4 g6 5. c4 Nf6 6. Nc3 Nxd4 7. Qxd4 d6 8. Be2 Bg7 9. Bg5 0-0 10. 0-0 Qa5 11. Bd2 Ng4 12. Qd3 Qe5 13. Bxg4 Bxg4 14. f4 Qd4+ 15. Qxd4 Bxd4+ 16. Kh1 Bxc3 17. Bxc3 Be2 18. Rfc1 Bxc4 19. Bd4 Bd3 20. Rc7 Bxe4 21. Re1 Bc6 22. Rexe7 a6 23. h4 Rae8 24. Bf6 Rxe7 25. Bxe7 Re8 26. Kg1 d5 27. Kf2 d4 28. g4 f5 29. g5 d3 30. Ke3 Kf7 0-1